[Event "Online Olym Disabilities"]
[Site "Tornelo INT"]
[Date "2020.11.24"]
[Round "4.8"]
[White "Rahatbekov, Tilegen"]
[Black "Paal, Andras"]
[Result "0-1"]
[WhiteElo "1399"]
[BlackElo "2060"]
[PlyCount "90"]
[EventDate "2020.11.21"]
[EventType "team-swiss (rapid)"]
[EventRounds "7"]
[EventCountry "NET"]
[SourceTitle "CBM 199 Extra"]
[Source "ChessBase"]
[SourceDate "2021.01.31"]
[SourceVersion "1"]
[SourceVersionDate "2021.01.31"]
[SourceQuality "1"]
[WhiteTeam "Kyrgyzstan"]
[BlackTeam "Hungary"]
[WhiteTeamCountry "KGZ"]
[BlackTeamCountry "HUN"]

1. d4 Nf6 2. Bf4 g6 3. e3 Bg7 4. Nf3 0-0 5. Bd3 d6 6. 0-0 Nbd7 7. Nc3 c6 8. e4 e5 9. dxe5 dxe5 10. Nxe5 Nxe4 11. Bxe4 Nxe5 12. Qe2 Qa5 13. Rad1 Be6 14. Rfe1 Nc4 15. Bc1 Nxb2 16. Bxb2 Bxc3 17. Bxc3 Qxc3 18. Rb1 Rab8 19. a4 Rfe8 20. Qf3 Qxf3 21. Bxf3 Ba2 22. Rbd1 Kf8 23. h3 Rxe1+ 24. Rxe1 Rd8 25. Be4 Rd4 26. Ra1 Rxa4 27. Bd3 b5 28. Kh2 Ke7 29. c4 b4 30. Bb1 b3 31. Bxa2 Rxa2 32. Rb1 b2 33. Kg3 Kd6 34. Kf3 Kc5 35. Ke3 Kxc4 36. Kd2 Kb3 37. Rxb2+ Rxb2+ 38. Ke3 a5 39. g4 a4 40. h4 a3 41. f4 a2 42. h5 a1Q 43. g5 Qa4 44. hxg6 hxg6 45. f5 Rc2 0-1

[Event "HUN-chT2 Erkel 1819"]
[Site "Hungary"]
[Date "2019.04.28"]
[Round "9.2"]
[White "Paal, Andras"]
[Black "Nagyajtai, Gabor"]
[Result "0-1"]
[WhiteElo "2117"]
[BlackElo "2140"]
[PlyCount "98"]
[EventDate "2018.10.28"]
[EventType "team-tourn"]
[EventRounds "9"]
[EventCountry "HUN"]
[SourceTitle "EXT 2021"]
[Source "ChessBase"]
[SourceDate "2020.10.23"]
[SourceVersion "1"]
[SourceVersionDate "2020.10.23"]
[SourceQuality "1"]
[WhiteTeam "Andornaktalya"]
[BlackTeam "Szada GSBE"]
[WhiteTeamCountry "HUN"]
[BlackTeamCountry "HUN"]

1. e4 c5 2. Nf3 e6 3. d4 cxd4 4. Nxd4 a6 5. a4 Nf6 6. Nc3 Qc7 7. Bd3 Bd6 8. Be3 Nc6 9. Qe2 Be5 10. Nf3 Bxc3+ 11. bxc3 d5 12. exd5 Nxd5 13. Bd2 0-0 14. 0-0 Nf4 15. Bxh7+ Kxh7 16. Ng5+ Kg6 17. Qg4 f5 18. Qxf4 Qxf4 19. Bxf4 e5 20. Bc1 f4 21. Ne4 Rd8 22. Re1 Bf5 23. f3 Bxe4 24. fxe4 Rac8 25. Rb1 Na5 26. Rb6+ Rc6 27. Rxc6+ Nxc6 28. Kf2 Na5 29. g3 fxg3+ 30. Kxg3 Rc8 31. Re3 Rc4 32. Ba3 Rxa4 33. Bd6 Nc4 34. Rd3 Ra2 35. Bf8 Kf7 36. Rf3+ Kg8 37. Bb4 a5 38. Rf8+ Kh7 39. Be7 Rxc2 40. Rc8 Nd2 41. Rc7 Rxc3+ 42. Rxc3 Nxe4+ 43. Kg4 Nxc3 44. Kf5 e4 45. Bc5 a4 46. Bd4 Nb5 47. Be3 a3 48. Bc1 a2 49. Bb2 e3 0-1

[Event "HUN-chT2 Erkel 1819"]
[Site "Hungary"]
[Date "2019.03.31"]
[Round "8.2"]
[White "Trajber, Daniel"]
[Black "Paal, Andras"]
[Result "1-0"]
[WhiteElo "2010"]
[BlackElo "2117"]
[PlyCount "47"]
[EventDate "2018.10.28"]
[EventType "team-tourn"]
[EventRounds "9"]
[EventCountry "HUN"]
[SourceTitle "EXT 2021"]
[Source "ChessBase"]
[SourceDate "2020.10.23"]
[SourceVersion "1"]
[SourceVersionDate "2020.10.23"]
[SourceQuality "1"]
[WhiteTeam "Vac"]
[BlackTeam "Andornaktalya"]
[WhiteTeamCountry "HUN"]
[BlackTeamCountry "HUN"]

1. e4 e6 2. d4 d5 3. Nc3 Bb4 4. e5 c5 5. a3 Bxc3+ 6. bxc3 Qc7 7. Qg4 Ne7 8. Qxg7 Rg8 9. Qxh7 cxd4 10. Ne2 Nbc6 11. f4 dxc3 12. Qd3 d4 13. Nxd4 Nxd4 14. Qxd4 Bd7 15. Rb1 a6 16. Rb3 Nd5 17. Rg1 Bc6 18. Bc4 0-0-0 19. Bxd5 Rxd5 20. Qxc3 Qd8 21. Ke2 Kb8 22. Qxc6 Qe7 23. Be3 Rc8 24. Ba7+ 1-0

[Event "HUN-chT2 Erkel 1819"]
[Site "Hungary"]
[Date "2019.01.27"]
[Round "4.1"]
[White "Paal, Andras"]
[Black "Sugar, Karoly"]
[Result "1-0"]
[WhiteElo "2117"]
[BlackElo "2207"]
[PlyCount "49"]
[EventDate "2018.10.28"]
[EventType "team-tourn"]
[EventRounds "9"]
[EventCountry "HUN"]
[SourceTitle "EXT 2021"]
[Source "ChessBase"]
[SourceDate "2020.10.23"]
[SourceVersion "1"]
[SourceVersionDate "2020.10.23"]
[SourceQuality "1"]
[WhiteTeam "Andornaktalya"]
[BlackTeam "Pestszentlorinc"]
[WhiteTeamCountry "HUN"]
[BlackTeamCountry "HUN"]

1. e4 e5 2. Nf3 Nc6 3. Bb5 a6 4. Ba4 Nf6 5. 0-0 Be7 6. Re1 b5 7. Bb3 0-0 8. c3 d6 9. h3 Na5 10. Bc2 c5 11. d4 Nd7 12. Nbd2 exd4 13. cxd4 Nc6 14. Nf1 Bf6 15. Bf4 Nxd4 16. Bxd6 Re8 17. e5 Nxc2 18. Qxc2 Be7 19. Ng3 Bb7 20. Rad1 Bxf3 21. gxf3 Bxd6 22. Rxd6 Qa5 23. Re4 Nxe5 24. Qe2 f6 25. f4 1-0

[Event "HUN-chT2 Barcza 1718"]
[Site "Hungary"]
[Date "2018.03.04"]
[Round "9.3"]
[White "Vodila, Martin Botond"]
[Black "Paal, Andras"]
[Result "0-1"]
[WhiteElo "2150"]
[BlackElo "2089"]
[PlyCount "50"]
[EventDate "2017.09.24"]
[EventType "team-tourn"]
[EventRounds "11"]
[EventCountry "HUN"]
[SourceTitle "EXT 2021"]
[Source "ChessBase"]
[SourceDate "2020.10.23"]
[SourceVersion "1"]
[SourceVersionDate "2020.10.23"]
[SourceQuality "1"]
[WhiteTeam "Edeleny"]
[BlackTeam "Szirmabesenyo"]
[WhiteTeamCountry "HUN"]
[BlackTeamCountry "HUN"]

1. e4 e6 2. d4 d5 3. e5 c5 4. c3 Nc6 5. Nf3 Bd7 6. Bd3 Rc8 7. dxc5 Bxc5 8. 0-0 Nh6 9. Nbd2 Ng4 10. Qe2 Qc7 11. Nb3 Bb6 12. Nfd4 Ncxe5 13. Bf4 g5 14. Bg3 h5 15. Rae1 f6 16. Bg6+ Ke7 17. f4 Nxg6 18. fxg5 Qc4 19. Qd2 h4 20. gxf6+ Kf7 21. Bd6 Qc6 22. Ba3 Qc7 23. Rf3 Qxh2+ 24. Kf1 Bb5+ 25. Nxb5 Qh1+ 0-1

[Event "HUN-chT2 Barcza 1718"]
[Site "Hungary"]
[Date "2017.11.26"]
[Round "4.3"]
[White "Toth, Tamas3333"]
[Black "Paal, Andras"]
[Result "1-0"]
[WhiteElo "1947"]
[BlackElo "2089"]
[PlyCount "63"]
[EventDate "2017.09.24"]
[EventType "team-tourn"]
[EventRounds "11"]
[EventCountry "HUN"]
[SourceTitle "EXT 2021"]
[Source "ChessBase"]
[SourceDate "2020.10.23"]
[SourceVersion "1"]
[SourceVersionDate "2020.10.23"]
[SourceQuality "1"]
[WhiteTeam "Hajduboszormeny"]
[BlackTeam "Szirmabesenyo"]
[WhiteTeamCountry "HUN"]
[BlackTeamCountry "HUN"]

1. e4 e6 2. d4 d5 3. Nd2 c5 4. c3 Nc6 5. Ngf3 Nf6 6. e5 Nd7 7. Bd3 Be7 8. 0-0 0-0 9. b3 f6 10. Qe2 fxe5 11. Nxe5 Ndxe5 12. dxe5 Qc7 13. f4 g6 14. Qg4 Bd8 15. Rf3 Qg7 16. h4 Qh6 17. h5 Qxh5 18. Qxh5 gxh5 19. Rh3 h4 20. Nf3 Rf7 21. Nxh4 Bxh4 22. Rxh4 Bd7 23. Bd2 b5 24. Re1 c4 25. Bb1 Re8 26. Re3 Ree7 27. Rg3+ Kh8 28. Be3 Rg7 29. Rgh3 Kg8 30. Rh6 a5 31. Bc5 Re8 32. Bxh7+ 1-0

[Event "HUN-chT2 Erkel 1617"]
[Site "Hungary"]
[Date "2017.02.12"]
[Round "8.2"]
[White "Trajber, Daniel"]
[Black "Paal, Andras"]
[Result "0-1"]
[WhiteElo "2068"]
[BlackElo "2015"]
[PlyCount "140"]
[EventDate "2016.09.25"]
[EventType "team-tourn"]
[EventRounds "11"]
[EventCountry "HUN"]
[SourceTitle "EXT 2021"]
[Source "ChessBase"]
[SourceDate "2020.10.23"]
[SourceVersion "1"]
[SourceVersionDate "2020.10.23"]
[SourceQuality "1"]
[WhiteTeam "Fot"]
[BlackTeam "Andornaktalya"]
[WhiteTeamCountry "HUN"]
[BlackTeamCountry "HUN"]

1. e4 e6 2. d4 d5 3. Nc3 Bb4 4. e5 c5 5. a3 Bxc3+ 6. bxc3 Qc7 7. Nf3 Ne7 8. Be2 Nbc6 9. 0-0 c4 10. a4 Bd7 11. Ba3 0-0-0 12. a5 Be8 13. Bd6 Qd7 14. Bc5 Nf5 15. g4 Nh6 16. Nd2 f5 17. g5 Nf7 18. f4 g6 19. h4 h6 20. Kg2 Kb8 21. Qb1 Qc7 22. a6 b6 23. Bxc4 hxg5 24. hxg5 dxc4 25. Nxc4 Ncxe5 26. Nxb6 axb6 27. Qxb6+ Qxb6 28. Bxb6 Bc6+ 29. Kg3 Rd7 30. dxe5 Rd2 31. Rf2 Rxf2 32. Bxf2 Rh1 33. a7+ Ka8 34. Ra6 Nd8 35. Rb6 Bb7 36. Rd6 Rh8 37. Bb6 Nc6 38. Rxe6 Rg8 39. Rd6 Nxa7 40. Rd8+ Rxd8 41. Bxd8 Bd5 42. Kf2 Nc6 43. Bf6 Kb7 44. Ke3 Kb6 45. Kd3 Kb5 46. Bg7 Bc4+ 47. Ke3 Kc5 48. Bf8+ Kd5 49. Bb4 Nd8 50. Bd6 Ne6 51. Bb4 Bb5 52. Ba3 Ba4 53. Bd6 Bxc2 54. Bb4 Kc4 55. Kd2 Be4 56. Ke3 Nc7 57. Kd2 Nd5 58. e6 Nxf4 59. e7 Bc6 60. Bd6 Ne6 61. Ke3 Nxg5 62. Kf4 Nf7 63. Bb4 Bd7 64. Ba5 g5+ 65. Kg3 Kd3 66. Bb4 f4+ 67. Kf2 g4 68. Kg2 Bc6+ 69. Kf1 g3 70. Kg1 Ke2 0-1

[Event "HUN-chT2 Erkel 1617"]
[Site "Hungary"]
[Date "2017.01.29"]
[Round "7.3"]
[White "Nadasi, Balazs"]
[Black "Paal, Andras"]
[Result "1/2-1/2"]
[WhiteElo "2141"]
[BlackElo "2015"]
[PlyCount "41"]
[EventDate "2016.09.25"]
[EventType "team-tourn"]
[EventRounds "11"]
[EventCountry "HUN"]
[SourceTitle "EXT 2021"]
[Source "ChessBase"]
[SourceDate "2020.10.23"]
[SourceVersion "1"]
[SourceVersionDate "2020.10.23"]
[SourceQuality "1"]
[WhiteTeam "Sarkany DSE"]
[BlackTeam "Andornaktalya"]
[WhiteTeamCountry "HUN"]
[BlackTeamCountry "HUN"]

1. e4 e6 2. d4 d5 3. Nc3 Bb4 4. e5 c5 5. a3 Bxc3+ 6. bxc3 Ne7 7. Qg4 Qc7 8. Qxg7 Rg8 9. Qxh7 cxd4 10. Ne2 Nbc6 11. f4 dxc3 12. Qd3 Bd7 13. Nxc3 a6 14. Rb1 Rc8 15. Ne2 Na5 16. Nd4 Nec6 17. Bd2 Nc4 18. Qh7 Nxd2 19. Qxg8+ Ke7 20. Qg5+ Ke8 21. Qg8+ 1/2-1/2

[Event "HUN-chT2 Erkel 1617"]
[Site "Hungary"]
[Date "2016.10.09"]
[Round "2.3"]
[White "Paal, Andras"]
[Black "Kormos, Adam"]
[Result "1/2-1/2"]
[WhiteElo "2015"]
[BlackElo "2148"]
[PlyCount "192"]
[EventDate "2016.09.25"]
[EventType "team-tourn"]
[EventRounds "11"]
[EventCountry "HUN"]
[SourceTitle "EXT 2021"]
[Source "ChessBase"]
[SourceDate "2020.10.23"]
[SourceVersion "1"]
[SourceVersionDate "2020.10.23"]
[SourceQuality "1"]
[WhiteTeam "Andornaktalya"]
[BlackTeam "Budapest EAC"]
[WhiteTeamCountry "HUN"]
[BlackTeamCountry "HUN"]

1. e4 e5 2. Nf3 Nc6 3. Bc4 Bc5 4. b4 Bxb4 5. c3 Be7 6. 0-0 Nf6 7. Re1 0-0 8. d4 d6 9. Ba3 Bg4 10. Bd5 Na5 11. Nbd2 c6 12. Bb3 Nxb3 13. Qxb3 Qc7 14. Rab1 b6 15. c4 Rfe8 16. Bb2 Nd7 17. Nf1 exd4 18. Nxd4 Bf6 19. Qg3 Be6 20. Ne3 Bxd4 21. Bxd4 f6 22. f4 Kh8 23. Rbd1 Rad8 24. h4 Nc5 25. Qf3 Qf7 26. h5 h6 27. g4 Bxc4 28. Nf5 d5 29. e5 Ne4 30. a3 Ba6 31. exf6 Nxf6 32. Rxe8+ Qxe8 33. Bxf6 gxf6 34. Qc3 Qf8 35. Re1 Bc8 36. Ne7 Kg7 37. Qxc6 Bxg4 38. Re3 Bxh5 39. Rg3+ Kh7 40. Qc7 Bf7 41. Qc2+ Kh8 42. Rg8+ Bxg8 43. Ng6+ Kg7 44. Nxf8 Rxf8 45. Qg2+ Kh7 46. f5 Bf7 47. Qb2 Rg8+ 48. Kf2 Kg7 49. Qb4 h5 50. Qe7 Rc8 51. Qxa7 Rc2+ 52. Ke1 Rb2 53. Qa4 b5 54. Qd4 Rg2 55. Qd3 h4 56. Qh3 Rg1+ 57. Kf2 Rg5 58. Qd3 Kh6 59. Ke1 Rg3 60. Qxb5 h3 61. Qb4 Kg5 62. Qd2+ Kxf5 63. Qf2+ Kg4 64. Qd4+ Kg5 65. a4 Rg4 66. Qe3+ Kh4 67. Qf2+ Kg5 68. Qe3+ Kg6 69. Qxh3 Rxa4 70. Qg3+ Kf5 71. Qh3+ Rg4 72. Qf3+ Rf4 73. Qh3+ Ke5 74. Qg3 d4 75. Kd2 Bd5 76. Qh2 Bf3 77. Kd3 Bg4 78. Qg3 Kf5 79. Qe1 Kg5 80. Qd2 Bf5+ 81. Ke2 Be4 82. Ke1 Bf3 83. Qc1 Kg4 84. Qc8+ Kg3 85. Qc7 Bg4 86. Qd6 f5 87. Kd2 Kf3 88. Qa3+ Kg2 89. Qc5 Rf1 90. Qd5+ Kg3 91. Qb3+ Bf3 92. Qg8+ Kf2 93. Qg5 Rd1+ 94. Kc2 d3+ 95. Kc3 d2 96. Qxf5 Rc1+ 1/2-1/2

[Event "Eger Agria op 40th"]
[Site "Eger"]
[Date "2016.07.21"]
[Round "6"]
[White "Torok, Sandor"]
[Black "Paal, Andras"]
[Result "1-0"]
[WhiteElo "2277"]
[BlackElo "2014"]
[PlyCount "43"]
[EventDate "2016.07.18"]
[EventType "swiss"]
[EventRounds "8"]
[EventCountry "HUN"]
[SourceTitle "EXT 2020"]
[Source "ChessBase"]
[SourceDate "2019.10.17"]
[SourceVersion "1"]
[SourceVersionDate "2019.10.17"]
[SourceQuality "1"]

1. e4 e6 2. d4 d5 3. Nd2 Nf6 4. e5 Nfd7 5. f4 c5 6. c3 Nc6 7. Ndf3 a6 8. Bd3 b5 9. Ne2 b4 10. 0-0 Qb6 11. Kh1 a5 12. f5 exf5 13. Bxf5 Be7 14. Nf4 Qd8 15. Nxd5 Ndxe5 16. Nxe7 Nxe7 17. Bxc8 Nxf3 18. Qxf3 Rxc8 19. Qxf7+ Kd7 20. Re1 Rc6 21. Bg5 Re8 22. dxc5 1-0

[Event "Eger Agria op 40th"]
[Site "Eger"]
[Date "2016.07.18"]
[Round "1"]
[White "Paal, Andras"]
[Black "Psaila, Uranchimeg"]
[Result "1-0"]
[WhiteElo "2014"]
[BlackElo "1546"]
[PlyCount "53"]
[EventDate "2016.07.18"]
[EventType "swiss"]
[EventRounds "8"]
[EventCountry "HUN"]
[SourceTitle "EXT 2020"]
[Source "ChessBase"]
[SourceDate "2019.10.17"]
[SourceVersion "1"]
[SourceVersionDate "2019.10.17"]
[SourceQuality "1"]

1. d4 e6 2. c4 Nf6 3. Nf3 Be7 4. Nc3 0-0 5. Bg5 d6 6. e4 Nbd7 7. Qc2 h6 8. Bh4 e5 9. Be2 Nh5 10. Bxe7 Qxe7 11. Nd5 Qd8 12. dxe5 c6 13. Ne3 dxe5 14. Nxe5 Nf4 15. 0-0-0 Nxe2+ 16. Qxe2 Qe7 17. Nxd7 Bxd7 18. f3 Rac8 19. g4 b5 20. h4 Be6 21. g5 h5 22. f4 g6 23. f5 Bd7 24. Rd4 c5 25. Nd5 Qe5 26. Nf6+ Kg7 27. Rxd7 1-0

[Event "HUN-chT2 Erkel 1516"]
[Site "Hungary"]
[Date "2015.11.08"]
[Round "4.3"]
[White "Rozgonyi, Aron"]
[Black "Paal, Andras"]
[Result "1/2-1/2"]
[WhiteElo "2103"]
[BlackElo "2005"]
[PlyCount "35"]
[EventDate "2015.09.13"]
[EventType "team-tourn"]
[EventRounds "11"]
[EventCountry "HUN"]
[SourceTitle "CBM 170 Extra"]
[Source "ChessBase"]
[SourceDate "2016.02.25"]
[SourceVersion "1"]
[SourceVersionDate "2016.02.25"]
[SourceQuality "1"]
[WhiteTeam "Budapest MTK II"]
[BlackTeam "Andornaktalya"]
[WhiteTeamCountry "HUN"]
[BlackTeamCountry "HUN"]

1. e4 e6 2. d4 d5 3. exd5 exd5 4. Bd3 Bd6 5. Nf3 Ne7 6. 0-0 0-0 7. Bg5 f6 8. Bh4 Bf5 9. Re1 c6 10. c3 Qd7 11. Bg3 Bxd3 12. Qxd3 Na6 13. Nbd2 Nc7 14. Re2 Rae8 15. Rae1 Bxg3 16. hxg3 Qf5 17. Qxf5 Nxf5 18. Rxe8 1/2-1/2

[Event "HUN-chT2 Erkel 1415"]
[Site "Hungary"]
[Date "2014.11.16"]
[Round "2.8"]
[White "Paal, Andras"]
[Black "Bujdoso, Bela"]
[Result "1-0"]
[WhiteElo "1973"]
[BlackElo "1927"]
[PlyCount "81"]
[EventDate "2014.09.28"]
[EventType "team-tourn"]
[EventRounds "9"]
[EventCountry "HUN"]
[SourceTitle "EXT 2016"]
[Source "ChessBase"]
[SourceDate "2015.10.08"]
[SourceVersion "1"]
[SourceVersionDate "2015.10.08"]
[SourceQuality "1"]
[WhiteTeam "Andornaktalya"]
[BlackTeam "Jaszbereny"]
[WhiteTeamCountry "HUN"]
[BlackTeamCountry "HUN"]

1. Nc3 d5 2. e4 d4 3. Nce2 e5 4. Ng3 Nf6 5. Bc4 Nc6 6. Nf3 Bd6 7. 0-0 0-0 8. a4 Qe7 9. d3 Be6 10. b3 Na5 11. Bg5 Nxc4 12. bxc4 c5 13. Nh4 h6 14. Nhf5 Bxf5 15. Nxf5 Qe6 16. Bd2 Kh7 17. Qf3 Ng8 18. Qh3 Ne7 19. g4 Rad8 20. g5 Ng8 21. Qg3 g6 22. gxh6 Be7 23. Nxe7 Qxe7 24. f4 f6 25. Qh3 Rde8 26. Rf2 exf4 27. Bxf4 Qe6 28. Qxe6 Rxe6 29. Rb1 Rf7 30. Bb8 b6 31. e5 f5 32. a5 Nxh6 33. h3 Ng8 34. Bd6 Rb7 35. Re2 Rd7 36. axb6 axb6 37. Rxb6 Ne7 38. Bxc5 Nc6 39. Kf2 g5 40. Bd6 Nd8 41. c5 1-0

[Event "HUN-chT2 Erkel 1314"]
[Site "Hungary"]
[Date "2014.04.13"]
[Round "10.6"]
[White "Paal, Andras"]
[Black "Mester, Attila"]
[Result "0-1"]
[WhiteElo "1933"]
[BlackElo "2071"]
[PlyCount "136"]
[EventDate "2013.09.08"]
[EventType "team-tourn"]
[EventRounds "11"]
[EventCountry "HUN"]
[SourceTitle "EXT 2016"]
[Source "ChessBase"]
[SourceDate "2015.10.08"]
[SourceVersion "1"]
[SourceVersionDate "2015.10.08"]
[SourceQuality "1"]
[WhiteTeam "Andornaktalya"]
[BlackTeam "Pestszentlorinc"]
[WhiteTeamCountry "HUN"]
[BlackTeamCountry "HUN"]

1. Nc3 c5 2. e4 a6 3. Nf3 e6 4. d4 cxd4 5. Nxd4 Qc7 6. Be3 b5 7. g3 Bb7 8. Bg2 Nf6 9. Qd3 d6 10. 0-0 Nbd7 11. h3 Nc5 12. Qe2 b4 13. Nb1 Ncxe4 14. Nd2 Nxd2 15. Bxd2 Bxg2 16. Kxg2 Qb7+ 17. Kh2 Be7 18. Qc4 d5 19. Qc6+ Qxc6 20. Nxc6 a5 21. a3 Ne4 22. Be1 bxa3 23. f3 axb2 24. Rb1 Rc8 25. Nxe7 Rxc2+ 26. Kg1 Nxg3 27. Bxg3 Kxe7 28. Be5 f6 29. Bxb2 e5 30. Ba3+ Ke6 31. f4 e4 32. Rb6+ Kf5 33. Rb5 Rd2 34. Rxa5 Rc8 35. Bc1 Rd3 36. Ra7 e3 37. Re1 d4 38. Ba3 Rc2 39. Ra5+ Ke4 40. Bd6 Rdd2 41. f5 Kf3 42. Ra4 e2 43. Raa1 Rd3 44. Bb4 Rb3 45. Ba5 d3 46. Rab1 Rcb2 47. Rxb2 Rxb2 48. Rc1 Rc2 49. Rb1 Rc5 50. Be1 Rxf5 51. Rb3 Rd5 52. Bd2 g5 53. Ra3 h5 54. Rb3 f5 55. Ra3 f4 56. Rb3 Rd4 57. h4 g4 58. Ra3 g3 59. Rb3 Kg4 60. Rb7 f3 61. Rg7+ Kh3 62. Kh1 Rc4 63. Be1 Rg4 64. Rd7 f2 65. Bxf2 gxf2 66. Rxd3+ Kxh4 67. Kh2 f1Q 68. Rh3+ Qxh3# 0-1

[Event "HUN-chT2 Erkel 1314"]
[Site "Hungary"]
[Date "2014.03.02"]
[Round "8.7"]
[White "Paal, Andras"]
[Black "Gara, Gyorgy"]
[Result "1/2-1/2"]
[WhiteElo "1933"]
[BlackElo "2132"]
[PlyCount "74"]
[EventDate "2013.09.08"]
[EventType "team-tourn"]
[EventRounds "11"]
[EventCountry "HUN"]
[SourceTitle "EXT 2016"]
[Source "ChessBase"]
[SourceDate "2015.10.08"]
[SourceVersion "1"]
[SourceVersionDate "2015.10.08"]
[SourceQuality "1"]
[WhiteTeam "Andornaktalya"]
[BlackTeam "Gyongyos Matra"]
[WhiteTeamCountry "HUN"]
[BlackTeamCountry "HUN"]

1. e4 e6 2. d4 d5 3. exd5 exd5 4. Bd3 Nc6 5. c3 Bd6 6. Ne2 Nge7 7. 0-0 Ng6 8. Re1 Nce7 9. Ng3 0-0 10. Be3 c6 11. Nd2 Qc7 12. Rc1 b5 13. b3 Be6 14. c4 Qd7 15. Nf3 Rae8 16. Ng5 Bg4 17. Qd2 h6 18. h3 hxg5 19. hxg4 Bxg3 20. fxg3 bxc4 21. bxc4 Qxg4 22. Kh2 Nf5 23. Bxf5 Qxf5 24. cxd5 cxd5 25. Bxg5 f6 26. Bf4 Rc8 27. Rc5 Nxf4 28. gxf4 Rfe8 29. g3 Rxe1 30. Rxc8+ Qxc8 31. Qxe1 Qc2+ 32. Kh3 Qf5+ 33. Kg2 Kf7 34. Qe2 g6 35. Qb2 Qe4+ 36. Kf2 Ke6 37. Qc3 Kf7 1/2-1/2

[Event "HUN-chT2 Erkel 1314"]
[Site "Hungary"]
[Date "2013.11.17"]
[Round "5.5"]
[White "Trajber, Csaba"]
[Black "Paal, Andras"]
[Result "1-0"]
[WhiteElo "2034"]
[BlackElo "1933"]
[PlyCount "63"]
[EventDate "2013.09.08"]
[EventType "team-tourn"]
[EventRounds "11"]
[EventCountry "HUN"]
[SourceTitle "EXT 2016"]
[Source "ChessBase"]
[SourceDate "2015.10.08"]
[SourceVersion "1"]
[SourceVersionDate "2015.10.08"]
[SourceQuality "1"]
[WhiteTeam "Fot"]
[BlackTeam "Andornaktalya"]
[WhiteTeamCountry "HUN"]
[BlackTeamCountry "HUN"]

1. e4 e6 2. d4 d5 3. Nc3 Nf6 4. Bg5 Be7 5. e5 Nfd7 6. h4 a6 7. Qg4 c5 8. Bxe7 Qxe7 9. Qxg7 Rf8 10. Nf3 Nc6 11. dxc5 Qxc5 12. Bd3 h5 13. 0-0 b5 14. Rfe1 Bb7 15. Qg5 Rh8 16. Rad1 Ne7 17. Ne2 0-0-0 18. Ned4 Rdg8 19. Qd2 Rg4 20. c3 Rhg8 21. g3 Nf5 22. Kh2 Nxd4 23. cxd4 Qb6 24. Be2 R4g7 25. Qh6 f6 26. exf6 e5 27. Qe3 Nxf6 28. Nxe5 Ne4 29. Qf4 Qe6 30. Bf1 Qe7 31. Bh3+ Kb8 32. Nc6+ 1-0

[Event "HUN-chT2 Erkel 1213"]
[Site "Hungary"]
[Date "2013.03.24"]
[Round "9.9"]
[White "Pallagi, Janos"]
[Black "Paal, Andras"]
[Result "0-1"]
[WhiteElo "2010"]
[BlackElo "1869"]
[PlyCount "62"]
[EventDate "2012.09.16"]
[EventType "team-tourn"]
[EventRounds "11"]
[EventCountry "HUN"]
[SourceTitle "EXT 2014"]
[Source "ChessBase"]
[SourceDate "2013.11.20"]
[SourceVersion "1"]
[SourceVersionDate "2013.11.20"]
[SourceQuality "1"]
[WhiteTeam "Foti"]
[BlackTeam "Andornaktalya"]
[WhiteTeamCountry "HUN"]
[BlackTeamCountry "HUN"]

1. c4 f5 2. g3 Nf6 3. Bg2 e6 4. Nf3 Be7 5. 0-0 d6 6. Nc3 0-0 7. Qc2 e5 8. d3 Nc6 9. a3 a5 10. Bd2 Qe8 11. Nd5 Bd8 12. b4 e4 13. Ne1 Nd4 14. Qd1 a4 15. Be3 Nb3 16. Nxf6+ Bxf6 17. Ra2 Qe6 18. Rc2 c6 19. dxe4 fxe4 20. Bf4 Rd8 21. f3 e3 22. Qd3 Nd2 23. Bxe3 Nxf1 24. Kxf1 d5 25. cxd5 Rxd5 26. Qc4 Qxe3 27. f4 Be6 28. Bxd5 Bxd5 29. Qd3 Re8 30. Qxe3 Rxe3 31. Nd3 Be4 0-1